| 000 | 00738cam a2200265 4500 | ||
|---|---|---|---|
| 001 | 5938 | ||
| 010 | _a9724110796 | ||
| 021 | _b55022/92 | ||
| 090 | _a5938 | ||
| 100 | _a20211231d1992 c||y0pory5003 ba | ||
| 200 | 1 |
_aQuem tem medo da água? _fFanny Joly, Jean-Noel Rochut _gtrad. Vasco Pires |
|
| 205 | _a1ª ed | ||
| 210 | 9 |
_aPorto _cAsa _d1992 |
|
| 215 |
_a[26] p. _cmuito il. _d27 cm |
||
| 225 | 2 | _aQuem tem medo | |
| 606 |
_914 _aLiteratura infantil |
||
| 606 |
_913 _aLiteratura Estrangeira |
||
| 675 |
_a82-93 _vBN _zpor |
||
| 675 |
_a821.1/.8 _vBN _zpor |
||
| 700 |
_aJoly _bFanny _95628 |
||
| 701 |
_aRochut _bJean- Noël _95629 |
||
| 702 |
_aPires _bVasco _95630 |
||
| 801 | 0 |
_aPT _bBMVN _gRPC |
|
| 830 |
_cAna Caetano _d31/12/2021 |
||
| 990 | _cLIVROS | ||